| 000 | 00636cam a22002293a 4500 | ||
|---|---|---|---|
| 001 | 9059 | ||
| 003 | PGUSA | ||
| 005 | 20140828083207.0 | ||
| 008 | 051001s2005||||xxu|||||s|||||000 1 eng d | ||
| 040 |
_aPGUSA _beng |
||
| 042 | _adc | ||
| 050 | 4 | _aPT | |
| 100 | 1 |
_aHeyse, Paul, _d1830-1914 |
|
| 245 | 1 | 0 |
_aAndrea Delfin : _bEine venezianische Novelle _h[electronic resource] / _cPaul Heyse |
| 260 |
_bProject Gutenberg, _c2005 |
||
| 506 | _aPublic domain in the USA. | ||
| 516 | _aElectronic text | ||
| 653 | _aItaly -- Fiction | ||
| 830 | 0 |
_aProject Gutenberg _v9059 |
|
| 856 | 4 | 0 | _uhttp://www.gutenberg.org/ebooks/9059 |
| 942 | _cEB | ||
| 999 |
_c238343 _d238343 |
||